000 00560nam a2200193 i 4500
001 147401
003 ES-MaACL
005 20250525172845.0
007 t|
008 070928s1971 sp ||||1| spa d
080 _a929 Flores, Lola
100 1 _aUmbral, Francisco,
_d1932-2007
_9111971
245 1 0 _aLola Flores /
_cFrancisco Umbral.
260 _aBarcelona :
_bDepesa,
_c[1971]
300 _a98 p., [8] h. de lám :
_bil. ;
_c20 cm.
600 1 4 _aFlores, Lola,
_d1923-1995
_9240722
852 _aES-MaACL
_jC-45830
999 _c147401
_d147401